Équipes Naruto - Statistiques

Statistiques générales
  • Ce quiz a été pris 3 110 fois
  • Le résultat moyen est 33 sur 39
Statistiques - réponses
Réponse % Correct
Naruto
99%
Naruto
99%
Naruto
99%
Sakura
99%
Sakura
99%
Sassuke
98%
Shikamaru
97%
Shikamaru
97%
Chôji
95%
Choji
95%
Hinata
95%
Neji
95%
Neji
95%
Ino
94%
Tenten
94%
Rock Lee
93%
Kiba
92%
Kiba
92%
Zabuza
92%
Saï
91%
Shino
88%
Yamato
87%
Kakashi
86%
Konohamaru
86%
Minato
85%
Tsunade
83%
Haku
79%
Orochimaru
79%
Obito
78%
Tobirama
78%
Hashirama
77%
Hiruzen
76%
Rin
75%
Gaara
67%
Temari
65%
Kankurô
60%
Jiraiya
46%
Moegi
42%
Udon
40%
Aucun quiz correspondant
Distribution des résultats
% des personnes avec chaque résultat
Percentile par nombre de réponses
Votre historique - résultats
Vous n’avez pas pris ce quiz